000 00306nam a2200133Ia 4500
008 191201s2019 xx 000 0 und d
082 _a677
_bVAT
100 _aVASTRA
245 0 _aTextile Arts of India
260 _aN.Delhi
_bHonesty Publisher
300 _a200
650 _aB.Tech(TE)
942 _2ddc
_cBK
999 _c2295
_d2295